LEADER 01107nam--2200373---450- 001 990001138930203316 005 20050517115507.0 010 $a0-415-09337-6 035 $a000113893 035 $aUSA01000113893 035 $a(ALEPH)000113893USA01 035 $a000113893 100 $a20030331d19962001km-y0enga50------ba 101 0 $aeng 102 $aGB 105 $ay|||z|||001yy 200 1 $aArguing for atheism$ean introduction to the philosophy of religion$fRobin Le Poidevin 210 $aLondon [etc.]$cRoutledge$d1996 215 $aXXIII, 159 p.$d22 cm. 606 0 $aAteismo 606 0 $aReligione$xFilosofia 676 $a211.8 700 1$aLE POIDEVIN,$bRobin$0554933 801 0$aIT$bsalbc$gISBD 912 $a990001138930203316 951 $aII 2 2346(XIV 1596)$b166487 L.M.$cXIV$d00095909 959 $aBK 969 $aUMA 979 $aMARIA$b10$c20030331$lUSA01$h1321 979 $aPATRY$b90$c20040406$lUSA01$h1719 979 $aRENATO$b90$c20041026$lUSA01$h1236 979 $aCOPAT6$b90$c20050517$lUSA01$h1155 996 $aArguing for atheism$9980504 997 $aUNISA LEADER 03026oas 2200985 a 450 001 9910146284203321 005 20260218112213.0 011 $a1924-7087 035 $a(DE-599)ZDB2444674-9 035 $a(OCoLC)1083585176 035 $a(CONSER)cn2011701206 035 $a(CKB)1000000000441118 035 $a(DE-599)2444674-9 035 $a(EXLCZ)991000000000441118 100 $a20101130a20089999 ua a 101 0 $aeng 135 $aurcn||||||||| 181 $ctxt$2rdacontent 182 $cc$2rdamedia 183 $acr$2rdacarrier 200 14$aThe Chief Public Health Officer's report on the state of public health in Canada 210 $a[Ottawa] $cChief Public Health Officer 300 $aDistributed by Government of Canada Depository Services Program. 300 $aIssued also in French under title: 311 08$a1917-2656 517 3 $aReport on the state of public health in Canada 606 $aPublic health$zCanada$vPeriodicals 606 $aPublic health$zCanada$vStatistics$vPeriodicals 606 $aHealth status indicators$zCanada$vPeriodicals 606 $aMedical policy$zCanada$vPeriodicals 606 $aSocioeconomic Factors 606 $aHealth Promotion 606 $aHealth Status Indicators 606 $aPublic Health 606 $aSante? publique$zCanada$vPe?riodiques 606 $aSante? publique$zCanada$vStatistiques$vPe?riodiques 606 $aIndicateurs de sante?$zCanada$vPe?riodiques 606 $aPolitique sanitaire$zCanada$vPe?riodiques 606 $aHealth status indicators$2fast 606 $aMedical policy$2fast 606 $aPublic health$2fast 607 $aCanada 607 $aCanada$2fast$1https://id.oclc.org/worldcat/entity/E39PBJkMHVW4rfVXPrhVP4VwG3 608 $aPeriodicals$2fast 608 $aStatistics$2fast 608 $aPeriodicals.$2lcgft 615 0$aPublic health 615 0$aPublic health 615 0$aHealth status indicators 615 0$aMedical policy 615 2$aSocioeconomic Factors. 615 2$aHealth Promotion. 615 2$aHealth Status Indicators. 615 2$aPublic Health. 615 6$aSante? publique 615 6$aSante? publique 615 6$aIndicateurs de sante? 615 6$aPolitique sanitaire 615 7$aHealth status indicators 615 7$aMedical policy 615 7$aPublic health 676 $a362.10971 686 $acci1icc$2lacc 686 $acoll11$2lacc 686 $acoll14$2lacc 686 $acoll29$2lacc 686 $acoll108$2lacc 801 0$bNLC 801 1$bNLC 801 2$bOCLCO 801 2$bOCLCF 801 2$bAU@ 801 2$bOCLCQ 801 2$bOCL 801 2$bCGC 801 2$bCNKEY 801 2$bOCLCQ 801 2$bOCLCO 801 2$bOCLCL 801 2$bNLC 801 2$bOCLCL 906 $aJOURNAL 912 $a9910146284203321 996 $aThe Chief Public Health Officer's report on the state of public health in Canada$91926736 997 $aUNINA